ბათუმის შოთა რუსთაველის სახელმწიფო უნივერსიტეტის ბიბლიოთეკა

სამშენებლო წარმოების პროცესების ავტომატიკისა და ავტომატიზაციის საფუძვლები : დამხმ. სახელმძღ. / (ბიბ.ჩანაწერი № 38962)

000 -ლიდერი
ფიქსირებული სიგრძის საკონტროლო ველი 01159nam a2200217Ia 4500
001 - საკონტროლო ნომერი
საკონტროლო ველი 5414
003 - საკონტროლო ნომრის იდენტიფიკატორი
საკონტროლო ველი GE_BSU
005 - ბოლო ოპერაციის თარიღი და დრო
საკონტროლო ველი 20190624194259.0
008 - ფიქსირებული სიგრძის მონაცემთა ელემენტები - ზოგადი ინფორმაცია
ფიქსირებული სიგრძის საკონტროლო ველი 181216s1966||||ge |||||||||||||| ||geo||
041 ## - ენის კოდი
Language code of text/sound track or separate title geo
080 ## - უნივერსალური ათობითი კლასიფიკაციის ინდექსი
Universal Decimal Classification number 69:658.5(075.8) ბ-43
100 ## - მთავარი ჩანაწერი - პიროვნების სახელი
Personal name ბეთანელი, ი.
9 (RLIN) 1181
245 ## - ცნობა სათაურის შესახებ
Title სამშენებლო წარმოების პროცესების ავტომატიკისა და ავტომატიზაციის საფუძვლები : დამხმ. სახელმძღ. /
Statement of responsibility, etc ი. ბეთანელი ; რედ : ა. ბეთანელი.
264 ## - წარმოების, გამოცემის, დისტრიბუციის და სხვა ცნობები
გამოცემის, წარმოების, დისტრიბუციის... ადგილი თბილისი :
გამოცემის, წარმოების, დისტრიბუციის... სახელწოდება განათლება,
გამოცემის, წარმოების, დისტრიბუციის... თარიღი 1966.
300 ## - ფიზიკური აღწერა
Extent 138 გვ .:
Other physical details ილ;
Dimensions 20 სმ.
504 ## - BIBLIOGRAPHY, ETC. NOTE
Bibliography, etc ბიბლიოგრ.: გვ.133-134.
653 ## - INDEX TERM--UNCONTROLLED
Uncontrolled term სამშენებლო წარმოების პროცესების ავტომატიკა და ავტომატიზაცია
653 ## - INDEX TERM--UNCONTROLLED
Uncontrolled term მშენებლობა
700 ## - ADDED ENTRY--PERSONAL NAME
Personal name ბეთანელი, ა
Relator term რედაქტორი
9 (RLIN) 2849
942 ## - ADDED ENTRY ELEMENTS (KOHA)
Koha item type წიგნი
Source of classification or shelving scheme
ეგზემპლარები
ჩამოწერის სტატუსი დაკარგული ეგზემპლარის სტატუსი კლასიფიკაციის წყარო ან თაროზე გაწყობის სქემა დაზიანების სტატუსი არ გაიცემა მუდმივი მდებარეობა (დაცვის ადგილი) ამჟამინდელი ადგილსამყოფელი თაროზე განთავსების ადგილი შეძენის თარიღი ღირებულება, შესყიდვის ნორმალური ფასი სრული შენახვის შიფრი შტრიხკოდი ბოლო ოპერაციის თარიღი ეგზემპლარის მიმდევრობითი ნომერი (კეტერი?) ფასის ძალაში შესვლის თარიღი ეგზემპლარის სახეობა საჯარო შენიშვნა
          ტექნოლოგიური ფაკულტეტის ბიბლიოთეკა ტექნოლოგიური ფაკულტეტის ბიბლიოთეკა წიგნსაცავი 2018-12-17 0.00 69:658.5(075.8) ბ-43 10862 2018-12-17 10862 2018-12-17 წიგნი 00,64 თ.
          ტექნოლოგიური ფაკულტეტის ბიბლიოთეკა ტექნოლოგიური ფაკულტეტის ბიბლიოთეკა წიგნსაცავი 2018-12-17 0.00 69:658.5(075.8) ბ-43 10863 2018-12-17 10863 2018-12-17 წიგნი 00,64 თ..
          ტექნოლოგიური ფაკულტეტის ბიბლიოთეკა ტექნოლოგიური ფაკულტეტის ბიბლიოთეკა წიგნსაცავი 2018-12-17 0.00 69:658.5(075.8) ბ-43 10864 2018-12-17 10864 2018-12-17 წიგნი 00,64 თ.